Top Almond Producing Countries - Statistics

General Stats
  • This quiz has been taken 42 times
  • The average score is 11 of 15
Answer Stats
Almonds
(metric tons)
Country % Correct
1,936,840 United States
100%
45,000 China
95%
340,420 Spain
93%
150,000 Turkey
93%
77,300 Italy
88%
102,185 Morocco
88%
72,412 Algeria
83%
33,550 Portugal
78%
80,000 Tunisia
78%
177,015 Iran
73%
146,410 Australia
70%
38,421 Libya
65%
80,258 Syria
65%
38,950 Chile
43%
38,205 Afghanistan
35%
No matching quizzes found
Score Distribution
Percent of People with Each Score
Percentile by Number Answered
Your Score History
You have not taken this quiz